000 00643nam a2200241Ia 4500
005 20260429112140.0
008 260429s9999||||xx |||||||||||||| ||und||
020 _a9781119863373
041 _aEnglish
082 _a332.6
_bCHE
100 _aChen, Sam
245 0 _aFinancial data analytics with machine learning optmization and statistics /
_cSam Chen
250 _a1st ed.
260 _aUSA :
_bWiley,
_c2025.
300 _axxvi, 784 p.; hb
650 _a Finance
650 _a Machine learning
650 _aData analytics
700 _a Cheung, Ka Chun
700 _a Fan, Kaiser
700 _a Yam, Phillip
942 _cTB
999 _c52597
_d52597